01771nam a22001577a 4500003000900000005001700009008004100026040001300067100005100080245009200131250000700223260002000230300001900250490006500269520127900334IT-RoPau20220918175940.0130205b xxu||||| |||| 00| 0 eng d cIT-RoPau aAlberione, GiacomoqFondatore Famiglia Paolina aFioretti per il mese di maggiobproposti da Don Giacomo Alberione alla Famiglia Paolina aII aRomabSSPc1985 a44 p.c21,5 cm aEdizioni Archivio Storico Generale della Famiglia PaolinavI aIndice Presentazione Introduzione I Giorno Fecondità spirituale II Giorno Coscienza pura III Giorno Docilità all' azione della grazia IV Giorno Fedeltà alla missione ricevuta V Giorno Pietà apostolica VI Giorno Riconoscenza per i doni del Signore VII Giorno Unione con Cristo vivente in Maria VIII Giorno Accettazione amorosa della volontà di Dio IX Giorno Amore verginale e operoso X Giorno Irradiare la luce del Vangelo XI Giorno Sacrificio e gioia nell' apostolato XII Giorno Robustezza della fede XIII Giorno Essere "dono" per i fratelli XIV Giorno Ansia missionaria XV Giorno Santificarsi per santificare XVI Giorno Riparazione XVII Giorno Sofferenza corredentiva XVIII Giorno Il " Segreto di riuscita" XIX Giorno Fiducioso abbandono in Dio XX Giorno Scambio di amore sulla croce XXI Giorno Spirito della vocazione paolina XXII Giorno Totale conformità con Cristo XXIII Giorno Calice del dolore e calice della gioia XXIV Giorno Lieta rinuncia XXV Giorno " Con Maria Madre di Gesù" XXVI Giorno Umiltà e fiducia XXVII Giorno Vita di fede e di amore XXVIII Giorno Nella luce dell' eternità XXIX Giorno Missione sulla terra e in cielo XXX Giorno Dare Cristo, non se stessi XXXI Giorno Maria modello delle anime apostoliche Conclusione Preghiere